000 005070000a22001930004500
003 LK-CoMWRAF
005 20230828111130.0
008 230817t1970 ||||| |||| 00| 0 eng d
020 _a0873481674
040 _aLK-CoMWRAF
_dLK-CoMWRAF
_eLK-CoMWRAF
041 _aeng
082 _a301.412
_bREE
100 _aReed, Evelyn
245 _aProblems of Women's Liberation:
_ba Marxist approach
260 _aNew York:
_bPathfinder press,
_c1970
300 _a131 p. 22 cm
650 _aFEMINISM
942 _cBK
999 _c3085
_d3085